000 00464nam a2200181Ia 4500
001 22933
005 20260414150903.0
008 260414t2014||||xx |||||||||||||| ||spa||
041 _aESP
082 _a624.17
_bZ943
100 _aZienkiewicz, O. C.
_eAUT
245 4 _aThe finite element method for solid and structural mechanics
_b
260 _c2014
300 _axxxi, 624 páginas :
_c24 cm.
650 _a0
654 _aCIC
942 _cLIB
_dJUS
_fJUS
_2ddc
_n
999 _c22933
_d22933